Formula 1 drivers that led most kilometres in a row - Statistics

General Stats
  • This quiz has been taken 145 times
  • The average score is 17 of 20
Answer Stats
Km Grand Prix Driver % Correct
1 435 Britain 1988 - Italy 1988 Senna
99%
979 San Marino 1989 - USA 1989 Senna
99%
735 Belgium 1990 - Portugal 1990 Senna
99%
731 Spain 2020 - Italy 2020 Hamilton
97%
692 Portugal 1988 - Japan 1988 Prost
97%
1 031 Miami 2023 - Austria 2023 Verstappen
97%
1 112 Singapore 2012 - India 2012 Vettel
96%
768 Italy 2013 - South Korea 2013 Vettel
96%
937 Belgium 1955 - Britain 1955 Fangio
89%
657 Britain 1956 - Germany 1956 Fangio
89%
2 075 Belgium 1952 - Netherlands 1952 Ascari
83%
657 Italy 1952 - Argentina 1953 Ascari
83%
1 017 Brazil 1992 - Monaco 1992 Mansell
81%
659 Spain 2005 - Europe 2005 Raikkonen
73%
1 227 Belgium 1963 - France 1963 Clark
72%
1 150 Belgium 1965 - Britain 1965 Clark
72%
771 Mexico 1963 - Monaco 1964 Clark
72%
668 Netherlands 1965 - Italy 1965 Clark
72%
791 Germany 1962 - Italy 1962 Hill
72%
847 Netherlands 1960 - France 1960 Brabham
59%
No matching quizzes found
Score Distribution
Percent of People with Each Score
Percentile by Number Answered
Your Score History
You have not taken this quiz